Oriental lowestoft, chinese export porcelain. Porcelaine de la Cie des Indes, with special reference to the trade with China and the porcelain decorated for the American market (Record no. 7530)

MARC details
000 -CABECERA
campo de control de longitud fija 00819nam a2200241 a 4500
001 - NÚMERO DE CONTROL
campo de control BRCA_7856
005 - FECHA Y HORA DE LA ÚLTIMA TRANSACCIÓN
campo de control 20190320210027.0
008 - DATOS DE LONGITUD FIJA--INFORMACIÓN GENERAL
campo de control de longitud fija 151113s1964----uk-a######---#000-0#eng-#
041 ## - CÓDIGO DE LENGUA
Código de lengua del texto/banda sonora o título independiente eng
044 ## - CÓDIGO DEL PAÍS DE LA ENTIDAD EDITORA/PRODUCTORA
Código MARC del país Uk
050 #4 - SIGNATURA TOPOGRÁFICA DE LA BIBLIOTECA DEL CONGRESO
Número de clasificación NK4565
Número de documento/Ítem .H93 1964
100 1# - ENTRADA PRINCIPAL--NOMBRE DE PERSONA
Nombre de persona Hyde, J. A. Lloyd
9 (RLIN) 19445
245 10 - MENCIÓN DE TÍTULO
Título Oriental lowestoft, chinese export porcelain. Porcelaine de la Cie des Indes, with special reference to the trade with China and the porcelain decorated for the American market
Mención de responsabilidad, etc. by J. A. Lloyd Hyde.
250 ## - MENCIÓN DE EDICIÓN
Mención de edición 3
260 ## - PUBLICACIÓN, DISTRIBUCIÓN, ETC.
Lugar de publicación, distribución, etc. Newport, Monmouthshire
Nombre del editor, distribuidor, etc. Ceramic Book Co.
Fecha de publicación, distribución, etc. c1964
300 ## - DESCRIPCIÓN FÍSICA
Extensión viii, 168 p.
Otras características físicas il., 37 láminas
Dimensiones 31 cm.
500 ## - NOTA GENERAL
Nota general Y81
650 14 - PUNTO DE ACCESO ADICIONAL DE MATERIA--TÉRMINO DE MATERIA
Término de materia o nombre geográfico como elemento de entrada Porcelana china
9 (RLIN) 1313
650 14 - PUNTO DE ACCESO ADICIONAL DE MATERIA--TÉRMINO DE MATERIA
Término de materia o nombre geográfico como elemento de entrada Arte
Subdivisión general Industria y comercio
9 (RLIN) 7236
650 14 - PUNTO DE ACCESO ADICIONAL DE MATERIA--TÉRMINO DE MATERIA
Término de materia o nombre geográfico como elemento de entrada Lowestoft, Cerámica de
9 (RLIN) 7237
902 ## - CATALOGADOR
Iniciales GFM
942 ## - ELEMENTOS DE PUNTO DE ACCESO ADICIONAL (KOHA)
Fuente del sistema de clasificación o colocación Library of Congress Classification
Tipo de ítem Koha Libros
Holdings
Estado de retiro Estado de pérdida Estado dañado No para préstamo Localización permanente Ubicación/localización actual Fecha de adquisición Número de inventario Total de préstamos Signatura topográfica completa Código de barras Fecha visto por última vez Precio válido a partir de Tipo de ítem Koha
El ejemplar forma parte de la colección y puede ser consultado según las políticas vigentes.       Biblioteca del Museo Franz Mayer (Rogerio Casas-Alatriste) Biblioteca del Museo Franz Mayer (Rogerio Casas-Alatriste) 11/11/2013 Y81   NK4565 .H93 1964 (Y81) 8467 22/03/2019 22/03/2019 Libros